000 00665nam a2200289Ia 4500
005 20260324143418.0
008 008 260324s9999 xx 000 0 eng d
020 _a9781315035802
037 _aEBOOK
040 _aCRL
040 _beng
040 _cCRL
041 _2eng
041 _aeng
084 _qCRL
100 _aRonald J. Hill
_91215535
245 0 _aBeyond Stalinism
245 0 _bCommunist Political Evolution
260 _bTaylor and Francis
260 _c1992
365 _a
365 _b290
856 _uhttp://www.taylorfrancis.com/books/9781315035802
942 _cEBOOK
999 _c1820911
_d1820911